000 01446nam0a2200313 4500
001 RU\NLR\bibl\1234429
005 20250615115048.0
010 _a978-5-7253-1690-2
_9100
021 _aRU
_b2008-26320
_91451
035 _a(NLR Aleph) 001220679
090 _a136398
_c136398
100 _a20080530d2007 |||y0rusy50 ca
101 0 _arus
102 _aRU
105 _ay |||||||||
200 1 _aЗаключение под стражу как мера пресечения в истории российского уголовно-процессуального законодательства
_eучебное пособие
_fР.В. Орлов
_gФедерал. агентство по образованию, Байкал. гос. ун-т экономики и права
210 _aИркутск
_cИзд-во БГУЭП
_d2007
215 _a67 с.
_d21
320 _aБиблиогр.: с. 58-67 (101 назв.) и в подстроч. прим.
606 1 _aЗаключение под стражу
_jУчебные издания для высших учебных заведений
_yРоссийская Федерация
_92267414
_3RU\NLR\auth\661359148
686 _aХ629.35я73
700 1 _aОрлов
_bР. В.
_gРоман Викторович
_4070
801 0 _aRU
_bNLR
_c20080530
_gRCR
801 1 _aRU
_bNLR
_c20080530
830 _aавт. по кн.
942 _cBOOK
980 _aNB
980 _aNBR